000 00306nam a2200133Ia 4500
005 20251222141807.0
008 251222s9999||||xx |||||||||||||| ||spa||
082 _a242/A74
100 _aArmas, Abelardo de
245 0 _aAgua Viva
250 _a1ra. ed.
264 _bCruzados de Santa MarĂ­a
942 _cLIB
999 _c6336
_d6336